000 00866cam a2200313Mi 4500
001 95941
005 20230410123422.0
008 020429s1994 sp 000 1 spa d
035 _a(OCoLC)ocn630171335
040 _aESUDE
_bspa
_cESUDE
_dOCL
019 _a638474460
020 _a8437608562
020 _a9788437608563
035 _a(OCoLC)630171335
_z(OCoLC)638474460
080 _a820/89
050 1 4 _aK11p 1994
100 1 _aKafka, Franz,
_d1883-1924
245 1 3 _aEl proceso /
_cFranz Kafka ; ed. Isabel Hernandez.
250 _a2a. ed.
260 _aMadrid :
_bCatedra,
_c1994.
300 _a308 p. ;
_c18 cm.
490 1 _aLetras universales ;
_v124
650 6 _aNovela Checoslovaca -
_ysiglo XX.
700 1 _aHernandez, Isabel,
_eed.lit.
830 0 _aLetras universales ;
_v124.
942 _2lcc
_cbk
994 _aC0
_bDRFGD
946 _anc
999 _c61049
_d61049